| 000 | 00588nam a22002057a 4500 | ||
|---|---|---|---|
| 003 | OSt | ||
| 005 | 20131121131851.0 | ||
| 008 | 130425s2009 sp ||||| |||| 00| 0 spa d | ||
| 020 | _a9788492573646 | ||
| 040 | _cCDMR | ||
| 100 | 1 |
_93279 _aRubiales, Francisco |
|
| 245 | 1 | 0 |
_aPeriodistas sometidos _b: los perros del poder _cFrancisco Rubiales |
| 260 |
_a[Córdoba] _bAlmuzara _c2009 |
||
| 300 | _a238 p. | ||
| 490 | 0 | _aPensamiento político | |
| 490 | 0 | _aSerie Cuadernos de autor | |
| 650 | 0 | 4 |
_9983 _aÈtica periodística |
| 650 | 0 | 4 |
_94090 _aPremsa i política _zEspanya |
| 942 |
_2udc _cMON |
||
| 999 |
_c6136 _d6136 |
||